Dress code alebo ako sa správne obliecť nielen do práce

Človek ako nositeľ a predstaviteľ svojho imidžu. Pojem dress code. Zásady a pravidlá obliekania. Business formal dress code. Pojem business casual dress code.

Salvato in:
Dettagli Bibliografici
Autore principale: Rakytová, Andrea
Natura: Capitolo di libro
Lingua:slovacco
Soggetti:
Tags: Aggiungi Tag
Nessun Tag, puoi essere il primo ad aggiungerne!!

MARC

LEADER 00000naa$a2200000$$$4500
001 0109460
005 20230908071905.0
041 0 |a slo 
044 |a SK 
245 1 0 |a Dress code alebo ako sa správne obliecť nielen do práce  |c Andrea Rakytová 
520 |a Človek ako nositeľ a predstaviteľ svojho imidžu. Pojem dress code. Zásady a pravidlá obliekania. Business formal dress code. Pojem business casual dress code. 
610 2 0 |a etika manažérska 
610 2 0 |a odevy 
610 2 0 |a podnikatelia 
610 2 0 |a zamestnanci 
610 2 0 |a kultúra 
610 2 0 |a imidž 
100 1 |a Rakytová, Andrea